Normal view MARC view

Entry Personal Name

Number of records used in: 1

001 - CONTROL NUMBER

  • control field: 43464

003 - CONTROL NUMBER IDENTIFIER

  • control field: dpl

005 - DATE AND TIME OF LATEST TRANSACTION

  • control field: 20120305161349.0

008 - FIXED-LENGTH DATA ELEMENTS

  • fixed length control field: 120305|||a|||||| | ||| d

040 ## - CATALOGING SOURCE

  • Original cataloging agency: dpl
  • Transcribing agency: dpl

100 ## - HEADING--PERSONAL NAME

  • Personal name: Meena, Kanta

670 ## - SOURCE DATA FOUND

  • Source citation: Work cat.: (dpl): Meena, Hemraj 43461, Women empowerment and self help group :, 2011

670 ## - SOURCE DATA FOUND

  • Source citation: Work cat.: (dpl): Meena, Hemraj 43461, Women empowerment and self help group :, 2011

© Delhi Public Library
Hit Counter
free hit counter